00367nam a2200133Ia 4500008004100000020001500041041000800056082001900064100001600083245007000099260004600169300000800215365001000223140306s9999 xx 000 0 und d a8121900018 aeng a657.45bTAN/HA aTandon, B N aHandbook of practical auditing : with questions and model answers aNew DelhibS. Chand and Company Ltdc1987 a819 bRs.48